000
00312nam a22001337a 4500
020
_a
0-93702-04-0
082
_a
547 MCL'I
100
_a
MCLAFFERTY, R. W
_9
67098
245
_a
INTERPRETATION OF MASS SPECTRA
250
_a
3RD
260
_a
CALIFORNIA
_b
UNIVERSITY SCIENCE
_c
1980
300
_a
303P
942
_c
BK
999
_c
574948
_d
574948